Discursos leídos en la solemne inauguración de las sesiones de la Sociedad Española de Terapeútica y Farmacología... (Record no. 32102)

MARC details
000 -LEADER
campo de control de longitud fija 00908nam a2200181 i 4500
001 - NÚMERO DE CONTROL
campo de control 32102
003 - IDENTIFICADOR DE NÚMERO DE CONTROL
campo de control ES-MaACL
005 - FECHA Y HORA DE LA ÚLTIMA TRANSACCIÓN
campo de control 20230906154519.0
007 - CAMPO FIJO DE DESCRIPCIÓN FÍSICA--INFORMACIÓN GENERAL
campo de control de longitud fija t|
008 - DATOS DE LONGITUD FIJA--INFORMACIÓN GENERAL
campo de control de longitud fija 030220s1880 sp ||||1| spa d
100 0# - ENTRADA PRINCIPAL--NOMBRE DE PERSONA
Nombre de persona Carreras Sanchís, Manuel.
9 (RLIN) 35680
245 10 - MENCIÓN DEL TÍTULO
Título Discursos leídos en la solemne inauguración de las sesiones de la Sociedad Española de Terapeútica y Farmacología...
Resto del título : el día 24 de octubre de 1880 : curso de 1180 a 1881 /
Mención de responsabilidad, etc. por Manuel M. Carreras Sanchís y Francisco Javier de Castro y Pérez [Tema: Unidad, correlación y transformación de las fuerzas que rigen a la materia: su aplicación a la terapeútica].
260 ## - PUBLICACIÓN, DISTRIBUCIÓN, ETC.
Lugar de publicación, distribución, etc. Madrid :
Nombre del editor, distribuidor, etc. [s.n.],
Fecha de publicación, distribución, etc. 1880 (
Fabricante Imp. de Enrique Teodoro)
300 ## - DESCRIPCIÓN FÍSICA
Extensión 71, 7 p. ;
Dimensiones 21 cm.
700 1# - ENTRADA AGREGADA--NOMBRE PERSONAL
Nombre de persona Castro y Pérez, Francisco Javier de.
9 (RLIN) 36978
710 2# - ENTRADA AGREGADA--NOMBRE DE ENTIDAD CORPORATIVA
Nombre de entidad corporativa o nombre de jurisdicción como elemento de entrada Sociedad Española de Terapeútica y Farmacología.
9 (RLIN) 6757
852 ## - LOCALIZACIÓN
Ubicación ES-MaACL
Número de control de estantería T-623-F-11
Holdings
Estatus retirado Estado de pérdida Estado de daño No para préstamo Colección Biblioteca de origen Biblioteca actual Ubicación en estantería Fecha de adquisición Fuente de adquisición Total de préstamos Signatura topográfica completa Código de barras Visto por última vez Precio de reemplazo Tipo de ítem Koha
        Colección de folletos Biblioteca del Ateneo de Madrid Biblioteca del Ateneo de Madrid Depósito folletos 17/01/2008     T-623-F-11 1033228 23/02/2023 23/02/2023 Folleto